02871nam a2200253 a 4500001001000000003000900010005001700019007000300036008003100039020001800070040002500088082002700113100003700140100003600177245009800213260008500311300003100396490003100427505199900458650005002457650003102507650004802538650003102586000048649DO-SdBNP20240610125956.0ta100317s2015 dr c 000 0 spa d a9789945891294 aDO-SdBNPbspacBPMSU 4a801.93bR789i 20152221 aRosario Candelier, Bruno,d1941-z aCandelier, Bruno Rosario,d194110aPoética del interiorismo :bteoría de la estética literaria /cBruno Rosario Candelier. aMoca, República Dominicana :bJudicial ;bAteneo Insular Internacional,c2015. a438 p. :bretrs. ;c23 cm.0 aEn la interior bodega,v7 0 aIntroducción, 1.-- I. Vertiente teórica, 3.-- Poética interior, 5.-- Los ideales de la Poética Interior, 13.-- El Interiorismo en las letras hispanoamericanas, 23.-- Procedimientos de la Poética Interior, 53.-- Principios de la Poética Interior, 63.-- Técnica de la creación interiorista, 73.-- El sentido de la interioridad, 79.-- El camino de lo interior, 83.-- Lo ideal interiorista, 87.-- La imagen interiorista, 91.-- Filosofía del Interiorismo, 99.-- Sustancia y sentido del Interiorismo, 111.-- Breve historia del Ateneo Insular, 117.-- Fundamento estético del Interiorismo, 125.-- Filosofía del Interiorismo, 151.-- La interiorización metafísica, 179.-- Logos, interiorización y creación, 187.-- El proceso de interiorización en la creación literaria, 205.-- Experiencia poética y creación interiorista, 233.-- Orientación estética del Interiorismo, 219.-- La dimensión metafísica y filosófica de la Poética del Interiorismo, 233.-- Interiorismo y mística en las Antillas, 247.-- II. Entrevistas y reportajes, 261.-- Entrevista tele/radial sobre el Interiorismo, 263.-- Bruno Rosario Candelier: de Moca al mundo, 287.-- Aniversario del Ateneo Insular, 293.-- El Segundo Congreso Internacional del Interiorismo en Madrid, España, 303.-- En el XX Aniversario del Ateneo Insular, 317.-- V Congreso Internacional del Movimiento Interiorista en Barcelona, España, 321.-- Coloquio sobre el Interiorismo con escritores del Ateneo Insular, 325.-- Incorporación del grupo ¨Letras Veganas¨ al Interiorismo del Ateneo Insular, 337.-- Encuentro del Movimiento Interiorista en Santo Cerro, Concepción de La Vega Real, 341.-- Sobre la experiencia interiorista, 355.-- Encuentro del Grupo de Estudios Místicos del Movimiento Interiorista, 361.-- Diálogo sobre interioridad y trascendencia con poetas dominicanos en Madrid, 387.-- Entrevista sobre el Interiorismo, 395.-- Bases estatutarias del Ateneo Insular, 401.-- Conclusión, 413. 4aInteriorismo literario (movimiento literario) 4a Literatura dominicana x  4aLiteratura dominicanaxHistoria y crítica 4aPoética del Interiorismo